Statystyki dla Podaj Nazwiska Piłkarzy

Kliknij tutaj aby rozwiązać quiz!

Ogólne statystyki

  • Ten quiz został rozwiązany 309 razy
  • Średni wynik to 14 z 16

Statystyki odpowiedzi

Odpowiedź% Poprawnych
Muller
96%
Messi
94%
Lewandowski
93%
Neymar
93%
Ronaldo
93%
Mbappe
92%
Benzema
91%
Milik
90%
Salah
90%
Son
87%
Donnarumma
86%
Kimmich
80%
Griezmann
76%
Eriksen
74%
Grealish
73%
Zinchenko
65%

Rozkład punktacji

Percentyl według liczby udzielonych odpowiedzi

Procent ludzi z każdym wynikiem

Twoja historia wyników

Nie rozwiązałeś tego quizu